| 000 | 00800nam a22002657a 4500 | ||
|---|---|---|---|
| 003 | 0 | ||
| 005 | 20250311145912.0 | ||
| 008 | 250311b xxu||||| |||| 00| 0 eng d | ||
| 020 | _a978-1-4737-8692-9 | ||
| 050 |
_aHF 5667 _b.G73 2024 |
||
| 100 | _aGray, Iain | ||
| 245 |
_aThe audit process: _bprinciples, practice, and cases _cIain Gray and four others |
||
| 250 | _a8th edition | ||
| 260 |
_aHampshire, United Kingdom _bCengage _c2024 |
||
| 300 |
_axxiii, 774 pages ; _c25cm. |
||
| 504 | _aIncludes bibliographical references and index. | ||
| 650 | _aAudit. | ||
| 650 | _aAuditing--problems, exercises, etc. | ||
| 650 | _aAudit principles. | ||
| 700 | _aManson, Stuart. | ||
| 700 | _aCrawford, Louise | ||
| 700 | _aBradley, Lynn | ||
| 700 | _aCurrie, Lynn | ||
| 942 |
_2lcc _cBK |
||
| 999 |
_c367283 _d367283 |
||